MARC details
| 000 -CABECERA |
| campo de control de longitud fija |
01347nam a2200241 i 4500 |
| 003 - IDENTIFICADOR DEL NÚMERO DE CONTROL |
| campo de control |
DO-SdBNP |
| 005 - FECHA Y HORA DE LA ÚLTIMA TRANSACCIÓN |
| campo de control |
20230918095802.0 |
| 006 - CÓDIGOS DE INFORMACIÓN DE LONGITUD FIJA--CARACTERÍSTICAS DEL MATERIAL ADICIONAL |
| campo de control de longitud fija |
a||||gr|||| 00| 0 |
| 007 - CAMPO FIJO DE DESCRIPCIÓN FÍSICA--INFORMACIÓN GENERAL |
| campo de control de longitud fija |
ta |
| 008 - DATOS DE LONGITUD FIJA--INFORMACIÓN GENERAL |
| campo de control de longitud fija |
230915e1964 dr ||||| |||| 00| j eng d |
| 040 ## - FUENTE DE LA CATALOGACIÓN |
| Centro catalogador/agencia de origen |
DO-SdBNP |
| Lengua de catalogación |
spa |
| Centro/agencia transcriptor |
BNPHU |
| Normas de descripción |
rda |
| 082 #4 - NÚMERO DE LA CLASIFICACIÓN DECIMAL DEWEY |
| Número de edición |
22 |
| Número de documento/Ítem |
M665h |
| 100 1# - ENTRADA PRINCIPAL--NOMBRE DE PERSONA |
| Nombre de persona |
Miniño Gómez, Ricardo |
| 9 (RLIN) |
18851 |
| Término indicativo de función/relación |
autor |
| 245 13 - MENCIÓN DE TÍTULO |
| Título |
La hermana Matilde: |
| Resto del título |
(cuentos, parábolas y leyendas). / |
| Mención de responsabilidad, etc. |
Ricardo Miniño Gómez. |
| 264 #1 - PRODUCCIÓN, PUBLICACIÓN, DISTRIBUCIÓN, FABRICACIÓN Y COPYRIGHT |
| Producción, publicación, distribución, fabricación y copyright |
Santo Domingo : |
| Nombre del de productor, editor, distribuidor, fabricante |
Librería Dominicana, |
| Fecha de producción, publicación, distribución, fabricación o copyright |
1964 |
| 300 ## - DESCRIPCIÓN FÍSICA |
| Extensión |
166 páginas ; |
| Dimensiones |
19 cm. |
| 336 ## - TIPO DE CONTENIDO |
| Fuente |
rdacontent |
| Término de tipo de contenido |
texto |
| Código de tipo de contenido |
txt |
| 337 ## - TIPO DE MEDIO |
| Fuente |
rdamedia |
| Nombre/término del tipo de medio |
sin mediación |
| Código del tipo de medio |
n |
| 338 ## - TIPO DE SOPORTE |
| Fuente |
rdacarrier |
| Nombre/término del tipo de soporte |
volumen |
| Código del tipo de soporte |
nc |
| 505 ## - NOTA DE CONTENIDO CON FORMATO |
| Nota de contenido con formato |
Pórtico. |
| Título |
La Creación de Eva.-- La Muerte de Adán y Eva.-- Caín.-- Prometeo.-- Parábola de Luís.-- El Rapto de Maniocatex.-- Entrevista con Lázaro.-- La Vuelta de las Golondrinas.-- Juan y las Golondrinas.-- Elegía por una golondrina.-- Marionetas.-- Soldaditos de Plomo.-- Diálogo absurdo.-- Vida del Músico Eleuterio.-- El Cuento que nadie escribió.-- Maritza.-- El Juicio de Laura.-- Blanca y Verde.-- El Ramo de Crisantemos.-- |
| -- |
El Testamento.-- Las P:uertas.-- Los Iconoclastas.-- El Ermitaño.-- Diálogo de los Muertos.-- El Regicida.-- La Hermana Matilde.-- Pax Mortuis!.--Las Tres Gracias.--Música |
| 590 ## - NOTA LOCAL (RLIN) |
| Nota local |
Inventariado 2023 / MF |
| 942 ## - ELEMENTOS DE PUNTO DE ACCESO ADICIONAL (KOHA) |
| Fuente del sistema de clasificación o colocación |
Dewey Decimal Classification |
| Tipo de ítem Koha |
Libro |